000 01949nam a22003615u 4500
001 37090
003 BD-RjUL
005 20211209052557.0
008 141015s20092000gw a b 001 0 eng d
020 _a3540651047
035 _a(BD-RjUL)
040 _aUkOxU
_beng
_cUkOxU
_dBD-RjUL
041 _aeng
070 0 _aQR1.C8
_bno.240
082 _a631
_bPLA 2009
245 0 0 _aPlant biotechnology :
_bnew products and applications /
_cedited by John Hammond, Peter McGarvey and Vidadi Yusibov.
260 _aBerlin ;
_aLondon :
_bSpringer,
_cc2000 [Reprinted 2009]
300 _aviii, 196 p. :
_bill. ;
_c24 cm.
490 1 _aCurrent topics in microbiology and immunology,
_v240
504 _aIncludes bibliographical references and index.
505 0 _aOverview: The many uses and applications of transgenic plants / J. Hammond -- Lessons in gene transfer to plants by a gifted microbe / G. Hansen and M.D. Chilton -- Particle bombardment mediated transformation / J.J. Finer, K.R. Finer and T. Ponappa -- Plant viral vectors based on tobamoviruses / V. Yusibov ... [et al.] -- Transgenic plants for therapeutic proteins: linking upstream and downstream strategies / C.L. Cramer, J.G. Boothe, and K.K. Oishi -- Feasibility of antibody production in plants for human therapeutic use / D.A. Russell -- Pokeweed antiviral protein and its applications / N.E. Tumer ... [et al.] -- Transgenic plants as edible vaccines / L. Richter and P.B. Kipp -- Cowpea mosaic virus-based vaccines.
650 0 _aPlant biotechnology.
_9111637
650 0 _aTransgenic plants.
_9112680
650 0 _aRecombinant proteins.
_9113418
650 2 _aBiotechnology.
_9113419
650 2 _aPlants, Transgenic.
_9113420
830 0 _v240.
_9113426
700 1 _aHammond, John.
_9113422
700 1 _aMcGarvey, Peter.
_9113423
700 1 _aYusibov, Vidadi.
_9113424
830 0 _aCurrent topics in microbiology and immunology,
_9113425
942 _2ddc
_cBK
999 _c37090
_d37090